|
|
|
|
| LEADER |
00782nam a2200205 4500 |
| 001 |
ocn962895593 |
| 003 |
OCoLC |
| 005 |
20180501122033.0 |
| 008 |
161121s2017 xx 000 0 eng d |
| 040 |
|
|
|a YDX
|b eng
|c YDX
|d GrThAP
|
| 020 |
|
|
|a 0128122269
|
| 020 |
|
|
|a 9780128122266
|
| 035 |
|
|
|a (OCoLC)962895593
|
| 049 |
|
|
|a TEFA
|
| 245 |
0 |
0 |
|a Profiles of Drug Substances, Excipients and Related Methodology /
|c edited by Harry G. Brittain.
|
| 260 |
|
|
|a [S.l.] :
|b ELSEVIER ACADEMIC PRESS,
|c 2017.
|
| 490 |
1 |
|
|a Profiles of Drug Substances, Excipients, and Related Methodology ;
|v 42
|
| 700 |
1 |
|
|a Brittain, Harry G.
|
| 830 |
|
0 |
|a Profiles of drug substances, excipients, and related methodology ;
|v 42.
|
| 856 |
4 |
0 |
|u https://www.sciencedirect.com/science/bookseries/18715125/42
|z Full Text via HEAL-Link
|